000 01476cam a2200361 i 4500
999 _c1431
_d1431
001 18925677
003 OSt
005 20221229134120.0
008 160105s2017 mnua b 001 0 eng
010 _a 2015041990
020 _a9781628323399
040 _aDLC
_beng
_cDLC
_erda
_dDLC
042 _apcc
082 0 0 _a551.46 RIG
_223
100 1 _aRiggs, Kate,
_eauthor.
245 1 0 _aOceans /
_cKate Riggs.
264 1 _aMankato, Minnesota :
_bCreative Education/Creative Paperbacks,
_c[2017]
300 _a24 pages :
_bcolor illustration ;
_c23 cm.
336 _atext
_btxt
_2rdacontent
337 _aunmediated
_bn
_2rdamedia
338 _avolume
_bnc
_2rdacarrier
490 0 _aSeedlings
500 _aIncludes index.
504 _aIncludes bibliographical references (page 23) and index.
505 0 _aHello, ocean! -- Salty earth -- Water on the move -- Ocean plants -- Big fish -- Deepest point -- Ocean in action -- Goodbye, ocean! -- Picture an ocean.
520 _a"A kindergarten-level introduction to oceans, covering their climate, plant and animal life, and such defining features as their salty water"--
_cProvided by publisher.
650 0 _aOceanography
_vJuvenile literature.
650 0 _aOcean
_vJuvenile literature.
650 0 _aMarine ecology
_vJuvenile literature.
906 _a7
_bcbc
_corignew
_d1
_eecip
_f20
_gy-gencatlg
942 _2ddc
_cNFIC